00463nam a2200157Ia 4500003000900000008004100009040001600050080001600066100001800082245006000100260006400160300001300224650004100237650001500278650001200293IN-BaIIA211028s9999 xx 000 0 eng d cIIA Library a523.68bKAT aKatasev, L. A 0aPhotographic methods in meteor astronomycL. A. Katasev aJerusalembIsrael Program for Scientific Translationsc1964 av, 114p. aAstronomy and astrophysics thesaurus aMeteorites aMeteors